The ethics of nationality /

Se analiza la identidad nacional desde una perspectiva ética, la cual puede ser universalista o particularista. La primera defiende que los principios universales del comportamiento ético implican que solo los hechos generales de otros individuos pueden servir para determinar las obligaciones hacia...

Полное описание

Сохранить в:
Библиографические подробности
Главный автор: Miller, David
Формат: Текст
Предметы:
Метки: Добавить метку
Нет меток, Требуется 1-ая метка записи!

MARC

LEADER 00000 a a2200000 04500
001 40057
003
040
100 |a Miller, David  
245 |a The ethics of nationality /  |c David Miller 
520 |a Se analiza la identidad nacional desde una perspectiva ética, la cual puede ser universalista o particularista. La primera defiende que los principios universales del comportamiento ético implican que solo los hechos generales de otros individuos pueden servir para determinar las obligaciones hacia ellos. La segunda plantea que las relaciones específicas entre las personas son parte de la ética, por lo que los principios fundamentales pueden estar ligados a las mismas. Se describen los argumentos que ambas posturas esgrimen para justificar la existencia o no de obligaciones éticas hacia la nación propia.  
590 |a EFU/SETIEMBRE2010  
650 |a 1.ETICA  
650 |a 2.NACIONALIDAD  
650 |a 3.FILOSOFIA  
650 |a 4.TEORIA  
773 |g páginas 284-305  
999 |c 35157  |d 35157